Breve reseña histórica sobre la colección arqueólogica del seminario central y copia del catálogo # 1: antigüedades indígenas del Museo Nacional
Guardado en:
| Institution som forfatter: | |
|---|---|
| Format: | Texto |
| Udgivet: |
San José :
|
| Tags: |
Tilføj Tag
Ingen Tags, Vær først til at tagge denne postø!
|
MARC
| LEADER | 00000 a a2200000 04500 | ||
|---|---|---|---|
| 001 | 17044 | ||
| 003 | |||
| 040 | |||
| 090 | |a 008200 | ||
| 110 | |a Museo Nacional de Costa Rica | ||
| 245 | |a Breve reseña histórica sobre la colección arqueólogica del seminario central y copia del catálogo # 1: antigüedades indígenas del Museo Nacional | ||
| 260 | |a San José : | ||
| 300 | |a 18 p. | ||
| 999 | |c 15168 |d 15168 | ||
